Chanson à trous : la Marseillaise - Statistiques

Statistiques générales
  • Ce quiz a été pris 450 fois
  • Le résultat moyen est 10 sur 11
Statistiques - réponses
Couplets La Marseillaise % Correct
1 Allons ! Enfants de la {Patrie}
100%
2 Le jour de {gloire} est arrivé
99%
10 Marchons, marchons Qu'un {sang} impur...
98%
3 Contre nous de la {tyrannie}
97%
9 Aux armes, citoyens Formez vos {bataillons}
96%
5 Entendez-vous dans les {campagnes}
96%
4 L'étendard {sanglant} est levé (Bis)
95%
8 Égorger vos {fils}, vos compagnes
91%
11 Abreuve nos {sillons}
90%
7 Ils viennent jusque dans vos {bras}
88%
6 Mugir ces {féroces} {soldats} ?
85%
Aucun quiz correspondant
Distribution des résultats
% des personnes avec chaque résultat
Percentile par nombre de réponses
Votre historique - résultats
Vous n’avez pas pris ce quiz